A guide to educational research
Αποθηκεύτηκε σε:
| Άλλοι συγγραφείς: | |
|---|---|
| Μορφή: | Βιβλίο |
| Γλώσσα: | English |
| Δημοσίευση: |
London :
The Woburn Press,
c1996
|
| Σειρά: | Woburn education series
|
| Θέματα: | |
| Ετικέτες: |
Προσθήκη ετικέτας
Δεν υπάρχουν, Καταχωρήστε ετικέτα πρώτοι!
|
MARC
| LEADER | 00000nam a2200000 i 4500 | ||
|---|---|---|---|
| 001 | 1/88336 | ||
| 008 | 990824s1996 eng d | ||
| 020 | |a 0-7130-4024-6 | ||
| 035 | |l 10052511 | ||
| 040 | |a GR-MY-UA |b gre |e aacr | ||
| 041 | 0 | |a eng | |
| 082 | 0 | |a 370.780941 | |
| 245 | 1 | 2 | |a A guide to educational research / |c Edited by Peter Gordon |
| 260 | |a London : |b The Woburn Press, |c c1996 | ||
| 300 | |a 407 p. | ||
| 490 | 1 | |a Woburn education series | |
| 504 | |a Includes index | ||
| 650 | 0 | 0 | |a Education |z Great Britain |x Research. |
| 650 | 0 | 0 | |a Education |x Research. |
| 650 | 0 | 0 | |a Research |x Vocational guidance |z Great Britain. |
| 650 | 0 | 0 | |a Research |x Vocational guidance. |
| 650 | 0 | 0 | |a Education |z Great Britain |x Curricula. |
| 650 | 0 | 0 | |a Education |x Curricula. |
| 700 | 1 | |a Gordon, Peter |d 1927- |4 edt | |
| 830 | 0 | |a Woburn education series | |
| 852 | |a INST |b LESVOS |e 19990824 |h 370.780941 GUI |p 005100019675 |q 005100019675 |t BK |y 0 | ||
| 901 | |a BIBL1-1999-2 | ||
| 909 | |a Λ |b 063610 | ||
| 922 | |a 1ΕΛΗ |b 199901 |c ΚΠΣ/ΚΥΒ |d LEADER | ||
| 950 | |a 023-1998-09-14 | ||
| 970 | |a ΜΟΥΣΤΑΚΑ |b ΠΗΝΕΛΟΠΗ |z 1999/08/25 | ||